Atmósfera Miró / (Record no. 149111)

MARC details
000 -LEADER
campo de control de longitud fija 00709nam a2200217 i 4500
001 - NÚMERO DE CONTROL
campo de control 149111
003 - IDENTIFICADOR DE NÚMERO DE CONTROL
campo de control ES-MaACL
005 - FECHA Y HORA DE LA ÚLTIMA TRANSACCIÓN
campo de control 20230906202944.0
007 - CAMPO FIJO DE DESCRIPCIÓN FÍSICA--INFORMACIÓN GENERAL
campo de control de longitud fija t|
008 - DATOS DE LONGITUD FIJA--INFORMACIÓN GENERAL
campo de control de longitud fija 070214s1959 sp r ||||1| mul d
080 ## - NÚMERO DE LA CLASIFICACIÓN DECIMAL UNIVERSAL
Número de la Clasificación Decimal Universal 75 Miró, Juan
100 1# - ENTRADA PRINCIPAL--NOMBRE DE PERSONA
Nombre de persona Sweeney, James Johnson.
9 (RLIN) 108933
245 10 - MENCIÓN DEL TÍTULO
Título Atmósfera Miró /
Mención de responsabilidad, etc. James Johnson Sweeney ; fotoscop Gomis Prats ; [traducción de R.S. Torroella].
260 ## - PUBLICACIÓN, DISTRIBUCIÓN, ETC.
Lugar de publicación, distribución, etc. Barcelona :
Nombre del editor, distribuidor, etc. R.M.,
Fecha de publicación, distribución, etc. [1959]
300 ## - DESCRIPCIÓN FÍSICA
Extensión 20 h., 95 h. de lám. col. y n. ;
Dimensiones 21 cm.
546 ## - NOTA DE IDIOMA
Nota de lengua/lenguaje Texto en español, inglés y francés.
600 14 - PUNTO DE ACCESO ADICIONAL DE MATERIA--NOMBRE DE PERSONA
Nombre de persona Miró, Joan.
9 (RLIN) 81604
700 1# - ENTRADA AGREGADA--NOMBRE PERSONAL
Nombre de persona Santos Torroella, Rafael.
9 (RLIN) 103536
700 1# - ENTRADA AGREGADA--NOMBRE PERSONAL
Nombre de persona Gomis, Joaquín.
9 (RLIN) 58209
852 4# - LOCALIZACIÓN
Ubicación ES-MaACL
Número de control de estantería C-16641
Holdings
Estatus retirado Estado de pérdida Estado de daño No para préstamo Biblioteca de origen Biblioteca actual Ubicación en estantería Fecha de adquisición Fuente de adquisición Total de préstamos Signatura topográfica completa Código de barras Visto por última vez Precio de reemplazo Tipo de ítem Koha
        Biblioteca del Ateneo de Madrid Biblioteca del Ateneo de Madrid Galería 17/01/2008     C-16641 1155601 23/02/2023 23/02/2023 Libro impreso